Score 0/16 Timer 10:00
0 Plays Today
% Correct
Phil Sullivan
91.5%
Jourdan Miller
91.3%
Marvin Cortes
89.9%
Chris Schellenger
83.6%
Cory Hindorff
83.1%
Chlea Ramirez
82.9%
Bianca Alexa
80%
Alexandra Agro
76.1%
% Correct
Bianca 'Kanani' Andaluz
75%
Renee Bandwagon
75%
Mike Scocozza
73.6%
Chris Hernandez
73.4%
Jeremy Rohmer
68.2%
Don Benjamin
60.5%
Jiana Davis
45.4%
Nina Burns
28.6%
Remove Ads.
Support Sporcle.
Get the best of Sporcle when you Go Orange. This ad-free experience offers more features, more stats, and more fun while also helping to support Sporcle. Thank you for becoming a member.

You're not logged in!

Compare scores with friends on all Sporcle quizzes.
OR
Log In

Show Comments

Extras

Top Quizzes Today


Score Distribution

Your Account Isn't Verified!

In order to create a playlist on Sporcle, you need to verify the email address you used during registration. Go to your Sporcle Settings to finish the process.

Report this User

Report this user for behavior that violates our Community Guidelines.

Details: